000
00332nam a2200157Ia 4500
008
210210b1966 xxu||||| |||| 00| 0 eng d
041
_a
eng
082
_a
513/108
100
_a
NARAYANAN
245
_a
Calculus
260
_a
Madras
_b
-
_c
1966
650
_a
Calculus
690
_a
Calculus
700
_a
PILLAY
906
_a
007388
999
_c
139879
_d
139879